|
|
|
|
| LEADER |
00000nam a22000007a 4500 |
| 008 |
190828b2007 mx ||||| |||| 00| | spa d |
| 999 |
|
|
|c 3766
|d 3766
|
| 090 |
|
|
|a 05.03.02
|b 1488
|
| 100 |
|
|
|9 3765
|a Pérez Rocha, Manuel
|
| 245 |
1 |
4 |
|a Los Garrotes y las Zanahorias [Glosa de un Ensayo de Alfie Kohn] /
|c Manuel Pérez Rocha.
|
| 250 |
|
|
|a 2 edición
|
| 260 |
|
|
|a México:
|b Universidad Autónoma de la Ciudad de México,
|c 2007
|
| 300 |
|
|
|a 23 páginas
|
| 490 |
|
|
|a Colección Galatea,
|v 1
|
| 650 |
1 |
4 |
|9 801
|a MOTIVACIÓN
|
| 650 |
1 |
4 |
|9 4595
|a PREMIO ESCOLAR
|
| 650 |
1 |
4 |
|9 1669
|a FRACASO ESCOLAR
|
| 942 |
|
|
|i 003167
|h 05.03.02 1488
|2 z
|c 01
|